MARC

LEADER 00000nam0a2200000 4500
001 265315
005 20231101233917.0
020 |a RU  |b 86-78490 
035 |a (RuTPU)RU\TPU\book\288316 
090 |a 265315 
100 |a 20140625d1986 k a0rusy5003 ca 
101 0 |a rus 
102 |a RU 
105 |a a z 001zy 
200 1 |a Декреты Советской власти о Петрограде, 25 окт. (7 нояб.) 1917 г.-29 дек. 1918 г.  |e сборник  |f Академия наук СССР (АН СССР), Ленинградское отделение (ЛО), Институт истории СССР (ИИ СССР) ; сост. А. В. Гоголевский 
210 |a Ленинград  |c Лениздат  |d 1986 
215 |a 286 с.  |c ил. 
320 |a Указ. предм.-геогр. и имен.: с. 251-272. 
606 1 |a Декреты Советской власти  |z октябрь 1917-1918  |2 stltpush  |3 (RuTPU)RU\TPU\subj\66177  |9 82391 
610 1 |a советская власть 
610 1 |a Ленинград 
610 0 |a история 
610 1 |a Петроград 
610 1 |a история 
610 1 |a советы 
610 1 |a документы 
610 1 |a материалы 
686 |a Т3(2)611-3  |2 rubbk 
702 1 |a Гоголевский  |b А. В.  |4 220 
712 0 2 |a Академия наук СССР (АН СССР)  |b Ленинградское отделение (ЛО)  |b Институт истории СССР (ИИ СССР)  |2 stltpush  |3 (RuTPU)RU\TPU\col\13768 
801 0 |a RU  |b RuMRKP  |c 19960705  |g psbo 
801 1 |a RU  |b 63413507  |c 20140625 
801 2 |a RU  |b 63413507  |c 20150709  |g RCR 
942 |c BK